00363 a2200109 4500001001000000005001700010008004100027245009600068100002300164700002500187773004100212ART_4944420260410161631.0260409a 10aTratamiento del método de impuesto diferido en estados contables reexpresados por la RT 61 aPetti, Ana María1 aLanza, Heraclio Juan0 tEnfoquesg- N°7 (jul. 2019)wREV416